Statistics for Fruits and Vegetables by Picture

Click here to take the quiz!

General Stats

  • This quiz has been taken 55 times
  • The average score is 14 of 15

Answer Stats

Answer% Correct
Apple
100%
Banana
100%
Kiwi
100%
Lemon
98%
Mango
98%
Broccoli
96%
Carrot
96%
Potato
96%
Tomato
96%
Cherry
94%
Grape
94%
Pumpkin
94%
Orange
92%
Spinach
79%
Passion Fruit
25%

Score Distribution

Percentile by Number Answered

Percent of People with Each Score

Your Score History

You have not taken this quiz